Effective tax administration as a factor affecting the competitiveness of Slovakia at the global level
Moderná správa daní by sa mala podľa pokynov OECD zamerať na pomer medzi kvalitou služieb a cenou cez zefektívňovanie procesov a spájanie výberu daní, ciel a odvodov, mala by zvyšovať transparentnosť v oblasti výkonu s dôrazom na hodnotenie a monitorovanie cieľov. Spôsob hodnotenia efektívnosti daň...
Guardado en:
| Autor principal: | |
|---|---|
| Otros Autores: | |
| Formato: | Capítulo de libro |
| Lenguaje: | eslovaco |
| Materias: | |
| Etiquetas: |
Sin Etiquetas, Sea el primero en etiquetar este registro!
|
MARC
| LEADER | 00000nla a2200000 4500 | ||
|---|---|---|---|
| 001 | 0226185 | ||
| 005 | 20240502073721.0 | ||
| 041 | 0 | |a slo | |
| 044 | |a SK | ||
| 245 | 1 | 0 | |a Effective tax administration as a factor affecting the competitiveness of Slovakia at the global level |c Katarína Vavrová, Miloš Bikár |
| 520 | |a Moderná správa daní by sa mala podľa pokynov OECD zamerať na pomer medzi kvalitou služieb a cenou cez zefektívňovanie procesov a spájanie výberu daní, ciel a odvodov, mala by zvyšovať transparentnosť v oblasti výkonu s dôrazom na hodnotenie a monitorovanie cieľov. Spôsob hodnotenia efektívnosti daňovej správy a jej vplyv na konkurencieschopnosť Slovenska. | ||
| 610 | 2 | 0 | |a správa finančná |
| 610 | 2 | 0 | |a správa daňová |
| 610 | 2 | 0 | |a správa colná |
| 610 | 2 | 0 | |a systémy daňové |
| 610 | 2 | 0 | |a politika daňová |
| 610 | 2 | 0 | |a optimalizácia |
| 610 | 2 | 0 | |a informatizácia |
| 610 | 2 | 0 | |a transparentnosť |
| 100 | 1 | |a Vavrová, Katarína, 1960- | |
| 700 | 1 | |a Bikár, Miloš, 1973- | |